[Event "GER-chT U12"]
[Site "Magdeburg"]
[Date "2017.12.28"]
[Round "3.4"]
[White "Schedel, Loris"]
[Black "Theisen, Johannes"]
[Result "0-1"]
[WhiteElo "1040"]
[BlackElo "1177"]
[PlyCount "52"]
[EventDate "2017.12.26"]
[EventType "team-swiss"]
[EventRounds "7"]
[EventCountry "GER"]
[SourceTitle "CBM 182 Extra"]
[Source "ChessBase"]
[SourceDate "2018.02.23"]
[SourceVersion "1"]
[SourceVersionDate "2018.02.23"]
[SourceQuality "1"]
[WhiteTeam "Goeppingen"]
[BlackTeam "Koeln SF"]
[WhiteTeamCountry "GER"]
[BlackTeamCountry "GER"]

1. e4 e5 2. Nf3 Nc6 3. Bc4 Bc5 4. 0-0 Nf6 5. d3 d6 6. Nbd2 0-0 7. a3 Bg4 8. b4 Bb6 9. Re1 Nd4 10. c3 Ne6 11. a4 a5 12. Ba3 Nf4 13. h3 Bh5 14. bxa5 Bxa5 15. Rb1 Bb6 16. Bb4 Nd7 17. g4 Nxh3+ 18. Kh2 Bxg4 19. Qb3 Nf4 20. Rg1 Bxf3 21. Nxf3 Qf6 22. Rg4 Bxf2 23. Kh1 Qh6+ 24. Nh4 Bxh4 25. Rbg1 Bf2+ 26. Rh4 Qxh4# 0-1